Markets (Record no. 83736)

MARC details
000 -LEADER
fixed length control field 01108cab a22002175a 4500
001 - CONTROL NUMBER
control field L154884
008 - FIXED-LENGTH DATA ELEMENTS--GENERAL INFORMATION
fixed length control field 120130e20120127xxk 000 0 eng d
035 ## - SYSTEM CONTROL NUMBER
System control number (Sirsi) u154884
041 0# - LANGUAGE CODE
Language code of text/sound track or separate title eng
100 1# - MAIN ENTRY--PERSONAL NAME
Personal name Hunter, Rachel
245 00 - TITLE STATEMENT
Title Markets
Remainder of title auctions
260 ## - PUBLICATION, DISTRIBUTION, ETC.
Date of publication, distribution, etc. 2012
490 #0 - SERIES STATEMENT
Series statement Property Week
Volume/sequential designation 78(04) 27 January 2012, 55-62(4)
520 ## - SUMMARY, ETC.
Summary, etc. Commercial property auction teams see distressed stock as glimmer of hope for tough year ahead. UK commercial auctions raised £767m in 2011 down 7.5% from 2010. Lot numbers edged up but average lot sizes fell in 2011, and success rates dipped slightly to 74.5%. Allsop, the UK?s top commercial property auction house has weathered the 2011 market storm and expanded into Republic of Ireland. Table shows Allsop?s 2011 auction performance. David Sparke contends that the auction process is timely and cost-effective for the disposal of property assets as part of insolvencies.
590 ## - LOCAL NOTE (RLIN)
Local note KA
651 #4 - SUBJECT ADDED ENTRY--GEOGRAPHIC NAME
Geographic name Ireland (Republic of)
Chronological subdivision
651 #4 - SUBJECT ADDED ENTRY--GEOGRAPHIC NAME
Geographic name United Kingdom
Chronological subdivision
690 ## - LOCAL SUBJECT ADDED ENTRY--TOPICAL TERM (OCLC, RLIN)
Topical term or geographic name as entry element Commercial property
9 (RLIN) 6227
700 1# - ADDED ENTRY--PERSONAL NAME
Personal name Sparke, David
942 ## - ADDED ENTRY ELEMENTS (KOHA)
Suppress in OPAC 0
Holdings
Withdrawn status Lost status Source of classification or shelving scheme Damaged status Not for loan Home library Current library Shelving location Date acquired Total Checkouts Full call number Barcode Date last seen Copy number Price effective from Koha item type
    Dewey Decimal Classification     London London Journal article 30/01/2012   L154884 154884-1001 06/08/2019 1 06/08/2019 Journal article